[Event "FTX Crypto Cup 2022"]
[Site "Miami USA"]
[Date "2022.08.16"]
[Round "2.4"]
[White "Giri, Anish"]
[Black "Praggnanandhaa, R"]
[Result "0-1"]
[WhiteTitle "GM"]
[BlackTitle "GM"]
[WhiteElo "2760"]
[BlackElo "2661"]
[WhiteFideId "24116068"]
[BlackFideId "25059530"]
[EventDate "2022.08.15"]

1. d4 Nf6 2. c4 e6 3. Nc3 Bb4 4. e3 O-O 5. Bd3 d5 6. a3 Bxc3+ 7. bxc3 dxc4 8.
Bxc4 c5 9. Nf3 Qc7 10. Be2 b6 11. Bb2 cxd4 12. cxd4 Ba6 13. O-O Qb7 14. Re1 Bxe2
15. Qxe2 Nbd7 16. e4 Rac8 17. h3 b5 18. Rad1 h6 19. Nh2 b4 20. axb4 Qxb4 21. Rd3
Rc2 22. Ba3 Rxe2 23. Bxb4 Rxe1+ 24. Bxe1 Nxe4 25. d5 Ndc5 26. Ra3 exd5 27. f3
Ng5 28. Rxa7 Rc8 29. Ra1 Nge6 30. Rd1 d4 31. Ng4 Rb8 32. Bg3 Rb3 33. Nf2 Na4 34.
Kf1 Nc3 35. Ra1 Kh7 36. Bd6 Nd5 37. Kg1 Kg6 38. Re1 h5 39. Be5 Ne3 40. Ne4 h4
41. Nf2 Nc4 42. Bh2 d3 43. Ne4 d2 44. Rd1 Rd3 45. Kf1 f5 46. Nf2 Rd7 47. Ra1
Ne3+ 48. Ke2 Nd4+ 49. Kxd2 Nb3+ 50. Kxe3 Nxa1 51. Nd3 Nc2+ 52. Ke2 Nd4+ 53. Ke3
Nc2+ 54. Ke2 Kh5 55. Nf4+ Kh6 56. Nd3 Nd4+ 57. Ke3 Ne6 58. f4 Ra7 59. Bg1 Ra3
60. Ke2 Ra2+ 61. Kf3 Kh5 62. Be3 Ra3 63. Ke2 Rb3 64. Ne5 Rb4 65. Nd3 Ra4 66. Kf3
Nc7 67. Bd2 Nd5 68. Ke2 Ra2 69. Ke1 Nf6 70. Nf2 Ne4 71. Nxe4 fxe4 72. f5 Rb2 73.
Ke2 Rb5 74. Bc3 Rxf5 75. Bxg7 Rg5 76. Bd4 Rxg2+ 77. Ke3 Rg3+ 78. Kxe4 Rxh3 79.
Kf4 Rb3 80. Bf2 h3 81. Bg1 Rb2 0-1

[Event "FTX Crypto Cup 2022"]
[Site "Miami USA"]
[Date "2022.08.17"]
[Round "3.1"]
[White "Niemann, Hans Moke"]
[Black "Praggnanandhaa, R"]
[Result "1-0"]
[WhiteTitle "GM"]
[BlackTitle "GM"]
[WhiteElo "2687"]
[BlackElo "2661"]
[WhiteFideId "2093596"]
[BlackFideId "25059530"]
[EventDate "2022.08.15"]

1. e4 c5 2. Nf3 Nc6 3. Bb5 e6 4. O-O Nge7 5. Re1 h6 6. b3 a6 7. Bxc6 Nxc6 8. Bb2
b5 9. a4 b4 10. d3 d6 11. d4 cxd4 12. Nxd4 Nxd4 13. Qxd4 Rb8 14. Nd2 e5 15. Qd3
Be7 16. Rad1 O-O 17. Nc4 Bg4 18. Rd2 Qc8 19. Nxd6 Qe6 20. Qd5 Qxd5 21. Rxd5 f6
22. Nf5 Bxf5 23. exf5 Rfc8 24. Re2 h5 25. Kf1 Rb7 26. Ke1 Kf7 27. Bc1 Bc5 28.
Kd1 Rc6 29. f3 g6 30. fxg6+ Kxg6 31. f4 Bd4 32. fxe5 Bxe5 33. h3 Rg7 34. Bd2 Rb6
35. Ke1 Kf5 36. Rc5 Rd7 37. Rc4 Rbd6 38. g4+ hxg4 39. hxg4+ Kg6 40. Bxb4 Rd1+
41. Kf2 Rh7 42. Re1 Rd5 43. Kf3 Rh3+ 44. Ke4 Rd7 45. Bc5 Kg5 46. Rg1 Bf4 47. Bd4
Bg3 48. Rc5+ Kg6 49. Rh5 Bh4 50. Rf1 Rh2 51. Bxf6 Rf7 52. Be5 Re2+ 53. Kd3 Rxe5
54. Rxf7 Rxh5 55. gxh5+ Kxf7 56. b4 Kg7 57. Kd4 Kh6 58. c4 Kxh5 59. b5 axb5 60.
cxb5 Kg6 61. Kd5 Kf7 62. a5 Ke7 63. a6 Bf2 64. Kc6 1-0

[Event "FTX Crypto Cup 2022"]
[Site "Miami USA"]
[Date "2022.08.17"]
[Round "3.1"]
[White "Le, Quang Liem"]
[Black "Duda, Jan-Krzysztof"]
[Result "1-0"]
[WhiteTitle "GM"]
[BlackTitle "GM"]
[WhiteElo "2728"]
[BlackElo "2740"]
[WhiteFideId "12401137"]
[BlackFideId "1170546"]
[EventDate "2022.08.15"]

1. c4 e6 2. Nf3 d5 3. d4 Nf6 4. g3 dxc4 5. Qa4+ Nbd7 6. Bg2 a6 7. Qxc4 b5 8. Qd3
Bb7 9. O-O c5 10. a4 cxd4 11. axb5 axb5 12. Rxa8 Qxa8 13. Na3 Bxa3 14. bxa3 e5
15. Qxb5 O-O 16. Bd2 d3 17. Nh4 dxe2 18. Qxe2 Bxg2 19. Nxg2 Qxa3 20. Rc1 Qa2 21.
Nh4 Re8 22. Qd3 h6 23. h3 e4 24. Qd6 Re6 25. Qd4 Re5 26. Be3 Qe6 27. Kh2 g5 28.
Ng2 Rd5 29. Qa1 Ne5 30. Ne1 Qd6 31. Kg2 Kg7 32. Nc2 Nf3 33. Rb1 Qd8 34. Ne1 Ne5
35. Nc2 Kg6 36. Nd4 Qa5 37. Qb2 Qa6 38. Qb8 Ned7 39. Qb4 Ra5 40. Qe7 Re5 41. Qb4
Nd5 42. Qb2 f5 43. Ra1 Qd3 44. Ra3 Qd1 45. Ra6+ N7f6 46. Nc6 Re8 47. Kh2 f4 48.
gxf4 gxf4 49. Bxf4 Kh5 50. Ra5 Rg8 51. Bg3 Rg5 52. Ra1 Qf3 53. Ne5 Rxe5 54.
Qxe5+ Kg6 55. Bh4 e3 56. Rg1+ Kf7 57. Bxf6 Nxf6 58. Qxe3 Qf5 59. Rg2 Qd5 60. Qf4
Qc6 61. Rg3 h5 62. Rg5 Ke7 63. Re5+ Kd8 64. Rf5 Ke7 65. Qe5+ Kf7 66. Kg3 1-0

[Event "FTX Crypto Cup 2022"]
[Site "Miami USA"]
[Date "2022.08.17"]
[Round "3.1"]
[White "Giri, Anish"]
[Black "Firouzja, Alireza"]
[Result "1/2-1/2"]
[WhiteTitle "GM"]
[BlackTitle "GM"]
[WhiteElo "2760"]
[BlackElo "2778"]
[WhiteFideId "24116068"]
[BlackFideId "12573981"]
[EventDate "2022.08.15"]

1. d4 Nf6 2. c4 e6 3. Nf3 d5 4. g3 dxc4 5. Bg2 c5 6. O-O Nc6 7. dxc5 Qxd1 8.
Rxd1 Bxc5 9. Nbd2 c3 10. bxc3 O-O 11. c4 Rd8 12. Bb2 Bd7 13. Nb3 Be7 14. Nfd4
Rac8 15. Nb5 b6 16. Nd6 Rc7 17. Ba3 Ne5 18. Nb5 Bxb5 19. Rxd8+ Bxd8 20. cxb5 Nc4
21. Rd1 Rd7 22. Rxd7 Nxd7 23. Bb4 Bf6 24. e3 Bb2 25. Bf1 Nce5 26. f4 Ng4 27. e4
Ngf6 28. Bd3 e5 29. Kg2 h6 30. f5 g6 31. fxg6 fxg6 32. Kf3 Kf7 33. Bc4+ Ke8 34.
a4 g5 35. h3 Kd8 36. Be6 Bd4 37. Bf5 Bc5 38. Bd2 Bf8 39. h4 gxh4 40. gxh4 Ne8
41. Bc3 Bg7 42. Bb4 Bf6 43. Kg4 Ng7 44. h5 Be7 45. Bxd7 Bxb4 46. Bf5 Ne8 47. Kf3
Ke7 48. Nc1 Nd6 49. Nd3 Bc3 50. Bg6 Kf6 51. Kg4 Nc4 52. Kf3 Kg5 53. Kg3 Ne3 54.
Kf3 Ng4 55. Nf2 Nf6 56. Nh3+ Kh4 57. Nf2 Nxh5 58. Bxh5 Kxh5 59. Ng4 Kg5 60. Ne3
Bd4 61. Nc4 h5 62. Nd6 h4 63. Nc8 h3 64. Nxa7 h2 65. Kg2 Kf4 66. Nc6 Kxe4 67. a5
bxa5 68. Nxa5 Kd5 69. Nc6 Kc5 70. Kxh2 Kxb5 71. Nxe5 Bxe5+ 1/2-1/2

[Event "FTX Crypto Cup 2022"]
[Site "Miami USA"]
[Date "2022.08.17"]
[Round "3.2"]
[White "Firouzja, Alireza"]
[Black "Giri, Anish"]
[Result "1/2-1/2"]
[WhiteTitle "GM"]
[BlackTitle "GM"]
[WhiteElo "2778"]
[BlackElo "2760"]
[WhiteFideId "12573981"]
[BlackFideId "24116068"]
[EventDate "2022.08.15"]

1. d4 Nf6 2. c4 e6 3. Nc3 Bb4 4. e3 O-O 5. Bd2 d5 6. a3 Be7 7. Nf3 Nbd7 8. cxd5
exd5 9. Bd3 c6 10. Qc2 Bd6 11. g4 g6 12. h4 Nxg4 13. h5 Qf6 14. Ke2 Nb6 15. Rag1
c5 16. dxc5 Bxc5 17. Rh4 Ne5 18. Rf4 Qe7 19. Nb5 Nbc4 20. Ng5 Nxd2 21. Qxd2 Bd7
22. Nc7 Rad8 23. Nxd5 Bg4+ 24. Rfxg4 Rxd5 25. hxg6 hxg6 26. Re4 Qf6 27. Qc3 Rfd8
28. Rxe5 Rxe5 29. Bc4 Rd7 30. Ne4 Qf5 31. Rxg6+ Qxg6 32. Qxe5 Qg4+ 33. f3 Qg2+
34. Nf2 Bf8 35. Qf5 Re7 36. Bd3 Qg7 37. Ng4 Re6 38. Kf1 Rc6 39. f4 Rb6 40. Bc4
Qg6 41. Qxg6+ Rxg6 42. Ne5 Rf6 43. Bd5 Kg7 44. Ke2 Bd6 45. Nf3 b5 46. Nd4 b4 47.
axb4 Bxb4 48. Nc6 Bc5 49. b4 Bb6 50. Ne5 Bc7 51. Nc6 Rd6 52. e4 Bb6 53. f5 f6
54. Kd3 Kf8 55. Kc4 Rxc6+ 56. Bxc6 Ke7 1/2-1/2

[Event "FTX Crypto Cup 2022"]
[Site "Miami USA"]
[Date "2022.08.17"]
[Round "3.2"]
[White "Praggnanandhaa, R"]
[Black "Niemann, Hans Moke"]
[Result "1-0"]
[WhiteTitle "GM"]
[BlackTitle "GM"]
[WhiteElo "2661"]
[BlackElo "2687"]
[WhiteFideId "25059530"]
[BlackFideId "2093596"]
[EventDate "2022.08.15"]

1. d4 Nf6 2. c4 e6 3. Nc3 d5 4. cxd5 exd5 5. Bg5 c6 6. e3 Bf5 7. Qf3 Bg6 8. Bxf6
Qxf6 9. Qxf6 gxf6 10. h4 h5 11. Nh3 Bd6 12. g3 Nd7 13. Kd2 Ke7 14. Re1 f5 15.
Nf4 Nf6 16. f3 Bh7 17. Ke2 a5 18. Kf2 a4 19. Bd3 Kd7 20. Rc1 b5 21. Bb1 Rhg8 22.
Nce2 Rge8 23. Nd3 Kc7 24. Rc3 Kb6 25. Rhc1 Rac8 26. Nef4 Bg6 27. Nc5 Re7 28. Bd3
Bxf4 29. exf4 Ra7 30. Bf1 Ne8 31. Nd3 Nd6 32. Nb4 Rac7 33. b3 axb3 34. axb3 f6
35. Ra1 Be8 36. Ra6+ Kb7 37. Rc2 Rd8 38. Rca2 Kc8 39. Nd3 Nb7 40. Bh3 Bg6 41.
Rb6 Kd7 42. Ra7 Rb8 43. Nb4 Na5 44. Rxc7+ Kxc7 45. Ra6 Nxb3 46. Rxc6+ Kb7 47.
Rxf6 Be8 48. Rxf5 Rd8 49. Ke3 Rc8 50. Nxd5 Rc1 51. Re5 Bc6 52. Be6 Rc4 53. f5
Nxd4 54. Ne7 Nxf3 55. Nxc6 Kxc6 56. Kxf3 1-0

[Event "FTX Crypto Cup 2022"]
[Site "Miami USA"]
[Date "2022.08.17"]
[Round "3.2"]
[White "Duda, Jan-Krzysztof"]
[Black "Le, Quang Liem"]
[Result "0-1"]
[WhiteTitle "GM"]
[BlackTitle "GM"]
[WhiteElo "2740"]
[BlackElo "2728"]
[WhiteFideId "1170546"]
[BlackFideId "12401137"]
[EventDate "2022.08.15"]

1. e4 e5 2. Nf3 Nc6 3. Bc4 Nf6 4. d3 Bc5 5. O-O d6 6. c3 O-O 7. Bg5 h6 8. Bh4 a5
9. Nbd2 Ba7 10. Re1 g5 11. Bg3 Nh7 12. Nf1 h5 13. h4 g4 14. N3d2 Ne7 15. d4 Ng6
16. Qc2 Nxh4 17. dxe5 Ng6 18. exd6 h4 19. dxc7 Qe7 20. Bh2 g3 21. Nxg3 hxg3 22.
Bxg3 Bb6 23. e5 Be6 24. Qb3 Ra6 25. Rad1 Bxc7 26. Qxb7 Rb6 27. Qe4 Rxb2 28. Nf3
Ng5 29. Nxg5 Qxg5 30. Rd3 Bf5 31. Qe3 Qxe3 32. Rdxe3 Be6 33. Re4 Bb6 34. Rd1 Kg7
35. a4 Rc2 36. Bxe6 fxe6 37. Rg4 Bxf2+ 38. Bxf2 Rfxf2 39. Rd6 Rf4 40. Rg3 Rc1+
41. Kh2 Rh4+ 42. Rh3 Rxh3+ 43. gxh3 Rxc3 44. Rxe6 Rxh3+ 45. Kg1 Rh5 46. Ra6 Rxe5
47. Kf2 Kf7 48. Kf3 Ne7 49. Kf4 Rh5 50. Ke3 Ke8 51. Ra7 Kd8 52. Kd3 Nc6 53. Rg7
Rh4 0-1

[Event "FTX Crypto Cup 2022"]
[Site "Miami USA"]
[Date "2022.08.17"]
[Round "3.2"]
[White "Carlsen, Magnus"]
[Black "Aronian, Levon"]
[Result "1/2-1/2"]
[WhiteTitle "GM"]
[BlackTitle "GM"]
[WhiteElo "2864"]
[BlackElo "2775"]
[WhiteFideId "1503014"]
[BlackFideId "13300474"]
[EventDate "2022.08.15"]

1. d4 Nf6 2. Nf3 g6 3. c4 Bg7 4. Nc3 O-O 5. e4 d6 6. Bd3 e5 7. d5 Nh5 8. g3 Na6
9. Be2 Qe8 10. Be3 f5 11. exf5 Bxf5 12. Ng5 Nb4 13. Nge4 Nf6 14. f3 a5 15. Nxf6+
Bxf6 16. Ne4 Be7 17. O-O b6 18. g4 Bxe4 19. fxe4 Rxf1+ 20. Kxf1 h6 21. Qd2 Bg5
22. Bxg5 hxg5 23. a3 Na6 24. Qxg5 Nc5 25. Kg2 Nxe4 26. Qe3 Nc5 27. Rf1 Qe7 28.
b4 axb4 29. axb4 Nd7 30. Qe4 Nf8 31. Kg3 Ra3+ 32. Rf3 Rxf3+ 33. Qxf3 e4 34. Qf4
Nh7 35. h4 g5 36. hxg5 Nxg5 37. Qf5 Kg7 38. Kf4 Kh6 39. Ke3 Qg7 40. Kf4 Nh3+ 41.
Kxe4 Ng5+ 42. Kd3 Qb2 43. Bd1 Qg7 44. Qf4 Qg6+ 45. Kc3 Kg7 46. Qe3 Nf7 47. c5
bxc5 48. bxc5 Qf6+ 49. Qd4 Ne5 50. cxd6 cxd6 51. Bc2 Qf3+ 52. Kb2 Qxg4 53. Qxg4+
Nxg4 54. Kc3 Ne3 55. Be4 Kf6 56. Kd4 Nf5+ 57. Bxf5 Kxf5 58. Kd3 Ke5 59. Ke3 Kxd5
60. Kd3 Ke5 61. Ke3 d5 62. Kd3 d4 63. Kd2 Ke4 64. Ke2 d3+ 65. Kd2 Kd4 66. Kd1
Ke3 67. Ke1 d2+ 68. Kd1 Kd3 1/2-1/2

[Event "FTX Crypto Cup 2022"]
[Site "Miami USA"]
[Date "2022.08.17"]
[Round "3.3"]
[White "Giri, Anish"]
[Black "Firouzja, Alireza"]
[Result "1/2-1/2"]
[WhiteTitle "GM"]
[BlackTitle "GM"]
[WhiteElo "2760"]
[BlackElo "2778"]
[WhiteFideId "24116068"]
[BlackFideId "12573981"]
[EventDate "2022.08.15"]

1. d4 Nf6 2. c4 e6 3. Nf3 d5 4. g3 dxc4 5. Bg2 c5 6. O-O Nc6 7. Qa4 Bd7 8. Qxc4
cxd4 9. Nxd4 Rc8 10. Nc3 Nxd4 11. Qxd4 Bc5 12. Qh4 Bc6 13. Rd1 Qa5 14. Bd2 Be7
15. Nd5 Nxd5 16. Qxe7+ Nxe7 17. Bxa5 Bxg2 18. Kxg2 Nc6 19. Bc3 f6 20. Rd3 Ke7
21. Rad1 Rhd8 22. Rxd8 Rxd8 23. Rxd8 Kxd8 24. f4 Ke7 25. Kf3 g6 26. e4 b5 27.
Ke3 f5 28. Kd3 a6 29. Bd2 Kf7 30. Bc3 Ke7 31. Bd2 Kf7 32. Bc3 Ke7 1/2-1/2

[Event "FTX Crypto Cup 2022"]
[Site "Miami USA"]
[Date "2022.08.17"]
[Round "3.3"]
[White "Aronian, Levon"]
[Black "Carlsen, Magnus"]
[Result "1/2-1/2"]
[WhiteTitle "GM"]
[BlackTitle "GM"]
[WhiteElo "2775"]
[BlackElo "2864"]
[WhiteFideId "13300474"]
[BlackFideId "1503014"]
[EventDate "2022.08.15"]

1. d4 d5 2. Nf3 Nf6 3. c3 Nc6 4. g3 e6 5. Bg2 Bd6 6. O-O h6 7. Nbd2 O-O 8. Qc2
e5 9. dxe5 Nxe5 10. Nxe5 Bxe5 11. c4 c6 12. cxd5 Nxd5 13. a3 Qe7 14. Nb3 Re8 15.
e4 Nf6 16. Be3 Be6 17. Rad1 Ng4 18. Bc1 Rad8 19. h3 Nf6 20. Be3 Rxd1 21. Rxd1
Bb8 22. Nc5 Bc8 23. b4 Bc7 24. Qa4 Bb6 25. Qc2 a5 26. Re1 axb4 27. axb4 Bc7 28.
Bd2 Nd7 29. f4 Nxc5 30. bxc5 b6 31. cxb6 Bxb6+ 32. Kh2 Rd8 33. Bc3 Qc5 34. Rc1
Qe3 35. Re1 Qc5 36. e5 h5 37. h4 Bg4 38. Ra1 Qe3 39. Re1 Qf2 40. Qe4 g6 41. e6
Bxe6 42. Qxc6 Bd4 43. Rxe6 Bxc3 44. Qxc3 fxe6 45. Qf6 Rd2 46. Qxg6+ Kf8 47. Qf6+
Ke8 48. Qxe6+ Kd8 49. Qe4 Re2 50. Qd5+ Ke7 51. Kh3 Rd2 52. Qe5+ Kd7 53. Qe4 Kd6
54. Qf3 Ke6 55. Qb7 Kf6 56. Qc6+ Ke7 57. Qf3 Kf6 58. Qe4 Qc5 59. Kh2 Qb5 60. Qa8
Qe2 61. Qb7 Ke6 62. Qc6+ Ke7 63. f5 Qxg2+ 64. Qxg2 Rxg2+ 65. Kxg2 Kf6 66. Kf3
Kxf5 67. g4+ hxg4+ 68. Kg3 Kg6 69. Kxg4 Kh6 70. h5 Kh7 71. Kg5 Kg7 72. h6+ Kh7
73. Kh5 Kh8 74. Kg6 Kg8 75. h7+ Kh8 76. Kh6 1/2-1/2

[Event "FTX Crypto Cup 2022"]
[Site "Miami USA"]
[Date "2022.08.17"]
[Round "3.3"]
[White "Niemann, Hans Moke"]
[Black "Praggnanandhaa, R"]
[Result "1/2-1/2"]
[WhiteTitle "GM"]
[BlackTitle "GM"]
[WhiteElo "2687"]
[BlackElo "2661"]
[WhiteFideId "2093596"]
[BlackFideId "25059530"]
[EventDate "2022.08.15"]

1. e4 c5 2. Nf3 Nc6 3. Bb5 e6 4. O-O Nge7 5. Re1 h6 6. b3 a6 7. Bxc6 Nxc6 8. Bb2
b5 9. a4 b4 10. d3 d6 11. d4 cxd4 12. Nxd4 Nxd4 13. Qxd4 Rb8 14. Nd2 e5 15. Qd3
Be7 16. Rad1 O-O 17. Nc4 Bg4 18. Rd2 Bg5 19. Ne3 Qc8 20. Qxd6 f6 21. Qd3 Rf7 22.
Qf1 Rc7 23. f3 Bxe3+ 24. Rxe3 Rxc2 25. Rxc2 Qxc2 26. fxg4 Qxb2 27. Qc4+ Kh7 28.
Rd3 Rc8 29. Qxc8 Qb1+ 30. Kf2 Qxd3 31. Qf5+ Kh8 32. Qc8+ Kh7 33. Qf5+ Kh8 34.
Qc8+ Kh7 1/2-1/2

[Event "FTX Crypto Cup 2022"]
[Site "Miami USA"]
[Date "2022.08.17"]
[Round "3.3"]
[White "Le, Quang Liem"]
[Black "Duda, Jan-Krzysztof"]
[Result "1/2-1/2"]
[WhiteTitle "GM"]
[BlackTitle "GM"]
[WhiteElo "2728"]
[BlackElo "2740"]
[WhiteFideId "12401137"]
[BlackFideId "1170546"]
[EventDate "2022.08.15"]

1. d4 Nf6 2. Nf3 d5 3. c4 e6 4. Nc3 dxc4 5. e4 Bb4 6. Bxc4 Nxe4 7. O-O Nxc3 8.
bxc3 Bd6 9. Ng5 Nd7 10. Qh5 g6 11. Qh6 Nf6 12. Qg7 Rf8 13. Re1 Qe7 14. Nf3 Nh5
15. Qxh7 Qf6 16. Bg5 Qh8 17. Qxh8 Rxh8 18. Bd2 Ng7 19. Ne5 Kf8 20. Re4 Nf5 21.
Bg5 Kg7 22. Ng4 Be7 23. Bxe7 Nxe7 24. Ne5 a5 25. Rae1 a4 26. Rf4 Nf5 27. Bd3 Ra5
28. g3 Rf8 29. h4 Ne7 30. Rf3 b6 31. g4 Bb7 32. Rg3 Bd5 33. a3 f6 34. Nc4 Rb5
35. Ne3 Rb3 36. Bc2 Rxa3 37. c4 Bc6 38. d5 exd5 39. Nf5+ Nxf5 40. Rxa3 Nxh4 41.
Re6 Bd7 42. Re7+ Rf7 43. Rxf7+ Kxf7 44. cxd5 b5 45. Rc3 Ke7 46. Rxc7 Kd6 47. Rb7
Nf3+ 48. Kf1 Ne5 49. f4 Nxg4 50. Bd3 Ne3+ 51. Kf2 Nxd5 52. Bxb5 Bxb5 53. Rxb5
Nxf4 54. Ke3 g5 55. Ra5 Nd5+ 56. Ke4 Nc3+ 57. Kd4 Ne2+ 58. Ke3 Nf4 59. Ke4 Ne6
60. Ra6+ Ke7 61. Ra7+ Kd8 62. Kf5 Nc5 63. Ra5 Nd7 64. Ke6 Nb6 65. Kxf6 g4 66.
Rg5 a3 67. Rxg4 a2 68. Rg1 Nd5+ 69. Ke5 Nc3 70. Ra1 Kc7 71. Rxa2 Nxa2 1/2-1/2

[Event "FTX Crypto Cup 2022"]
[Site "Miami USA"]
[Date "2022.08.17"]
[Round "3.4"]
[White "Carlsen, Magnus"]
[Black "Aronian, Levon"]
[Result "1/2-1/2"]
[WhiteTitle "GM"]
[BlackTitle "GM"]
[WhiteElo "2864"]
[BlackElo "2775"]
[WhiteFideId "1503014"]
[BlackFideId "13300474"]
[EventDate "2022.08.15"]

1. Nf3 Nf6 2. c4 g6 3. Nc3 Bg7 4. e4 O-O 5. d4 d6 6. Be2 e5 7. O-O h6 8. d5 Nbd7
9. Be3 Nh7 10. Qd2 f5 11. exf5 gxf5 12. Bxh6 Bxh6 13. Qxh6 Rf6 14. Qh4 Ndf8 15.
g3 Qe7 16. Qh5 Qg7 17. Nh4 Ng5 18. f4 exf4 19. gxf4 Ne4+ 20. Kh1 Rh6 21. Nxe4
Rxh5 22. Bxh5 Qh6 23. Ng3 Bd7 24. Rae1 b5 25. c5 Qf6 26. Nf3 dxc5 27. Rg1 Kh8
28. Ne5 Kh7 29. Bf7 Be8 30. Bxe8 Rxe8 31. Re3 Ng6 32. Nh5 Qh4 33. Nxg6 Qxh5 34.
Rxe8 Qf3+ 35. Rg2 Qd1+ 36. Rg1 Qxd5+ 37. Rg2 Qd1+ 38. Rg1 Qf3+ 39. Rg2 Qf1+ 40.
Rg1 Qf3+ 41. Rg2 Qd1+ 42. Rg1 Qd5+ 43. Rg2 Qd1+ 1/2-1/2

[Event "FTX Crypto Cup 2022"]
[Site "Miami USA"]
[Date "2022.08.17"]
[Round "3.4"]
[White "Firouzja, Alireza"]
[Black "Giri, Anish"]
[Result "1/2-1/2"]
[WhiteTitle "GM"]
[BlackTitle "GM"]
[WhiteElo "2778"]
[BlackElo "2760"]
[WhiteFideId "12573981"]
[BlackFideId "24116068"]
[EventDate "2022.08.15"]

1. d4 Nf6 2. c4 e6 3. Nc3 Bb4 4. e3 O-O 5. Bd2 c5 6. a3 Bxc3 7. Bxc3 Ne4 8. Ne2
b6 9. d5 Ba6 10. Qd3 exd5 11. Qxd5 Qe7 12. Rd1 Nc6 13. b3 Rad8 14. Bb2 Bb7 15.
Ng3 Na5 16. Qh5 g6 17. Qh6 f6 18. Bd3 Nxb3 19. f3 Ng5 20. Kf2 d5 21. Bxg6 hxg6
22. h4 Nh7 23. Qxg6+ Kh8 24. cxd5 Rg8 25. Qh6 Qg7 26. Qf4 Bxd5 27. Rhg1 Be6 28.
Rxd8 Rxd8 29. Bc3 c4 30. Ne4 Nc5 31. Nxc5 bxc5 32. g4 Rd3 33. Rc1 Qd7 34. e4
Rxc3 35. Rxc3 Qd4+ 36. Qe3 Nf8 37. Kg3 Nd7 38. Qh6+ Kg8 39. Rc1 c3 40. Qg6+ Kf8
41. h5 Qd6+ 42. Kh3 Qd2 43. h6 Qxc1 44. Qg7+ Ke8 45. h7 Qh1+ 46. Kg3 Qg1+ 47.
Kh3 Qh1+ 48. Kg3 Qg1+ 49. Kh3 Qh1+ 1/2-1/2

[Event "FTX Crypto Cup 2022"]
[Site "Miami USA"]
[Date "2022.08.17"]
[Round "3.4"]
[White "Praggnanandhaa, R"]
[Black "Niemann, Hans Moke"]
[Result "1-0"]
[WhiteTitle "GM"]
[BlackTitle "GM"]
[WhiteElo "2661"]
[BlackElo "2687"]
[WhiteFideId "25059530"]
[BlackFideId "2093596"]
[EventDate "2022.08.15"]

1. d4 Nf6 2. c4 e6 3. Nc3 d5 4. cxd5 exd5 5. Bg5 c6 6. e3 Bf5 7. Qf3 Bg6 8. Bxf6
Qxf6 9. Qxf6 gxf6 10. Nf3 Nd7 11. Nh4 Nb6 12. f4 f5 13. Bd3 Nc4 14. Bxc4 dxc4
15. Kf2 O-O-O 16. a4 Be7 17. Nf3 f6 18. Nh4 Bb4 19. Rhc1 Rhe8 20. Nd1 Bf7 21.
Nxf5 c5 22. Nh6 Be6 23. f5 Bd5 24. Nc3 Bc6 25. Rd1 cxd4 26. exd4 Ba5 27. Rd2 Bb6
28. Rad1 Be4 29. Nxe4 Rxe4 30. Kf3 Rexd4 31. Rxd4 Rxd4 32. Rc1 Rd3+ 33. Ke4 Rd4+
34. Kf3 Rd3+ 35. Kg4 Rd2 36. Rxc4+ Kd7 37. Kh3 Rxb2 38. Ng8 Kd6 39. Re4 Rf2 40.
g4 Kc5 41. Kg3 Ra2 42. h4 Bc7+ 43. Kf3 Be5 44. g5 Ra3+ 45. Kg4 Rg3+ 46. Kh5 Kd5
47. Re2 fxg5 48. hxg5 Rh3+ 49. Kg4 Rg3+ 50. Kh4 Rg1 51. Nf6+ Kd6 52. Ne8+ Kd5
53. Nf6+ Kd6 54. Ne4+ Kd5 55. Nf2 Rg2 56. Rd2+ Bd4 57. Ne4 Rg1 58. Ng3 Ra1 59.
Ne2 Ke5 60. Nxd4 Rxa4 61. f6 Ra1 62. Nf3+ Ke6 63. Re2+ Kf7 64. Re7+ 1-0

[Event "FTX Crypto Cup 2022"]
[Site "Miami USA"]
[Date "2022.08.17"]
[Round "3.5"]
[White "Giri, Anish"]
[Black "Firouzja, Alireza"]
[Result "1/2-1/2"]
[WhiteTitle "GM"]
[BlackTitle "GM"]
[WhiteElo "2760"]
[BlackElo "2778"]
[WhiteFideId "24116068"]
[BlackFideId "12573981"]
[EventDate "2022.08.15"]

1. d4 Nf6 2. c4 e6 3. Nf3 d5 4. g3 dxc4 5. Bg2 c5 6. O-O Nc6 7. Qa4 Bd7 8. Qxc4
b5 9. Qc3 b4 10. Qd3 Rc8 11. Bf4 cxd4 12. Nbd2 Nd5 13. Be5 Nxe5 14. Nxe5 Be7 15.
Rfc1 O-O 16. Nb3 Bf6 17. Ng4 Bg5 18. Rxc8 Bxc8 19. h4 Be7 20. Qxd4 Qb6 21. Qxb6
axb6 22. Rc1 Ba6 23. Nd4 Bc5 24. e3 Rc8 25. Ne5 Bd6 26. Rxc8+ Bxc8 27. Nc4 Bc5
28. Nb3 Ba6 29. Bf1 Bxc4 30. Bxc4 Bd6 31. Nd4 Nf6 32. Kf1 Kf8 33. Ke2 Ke7 34.
Bb5 h5 35. Bc6 g6 36. Bf3 Nd7 37. Bg2 Ne5 38. Nc6+ Nxc6 39. Bxc6 Be5 40. b3 Bc3
41. Kd3 Be1 42. Ke2 Bc3 43. Kd3 Be1 44. Ke2 Bc3 1/2-1/2

[Event "FTX Crypto Cup 2022"]
[Site "Miami USA"]
[Date "2022.08.17"]
[Round "3.6"]
[White "Firouzja, Alireza"]
[Black "Giri, Anish"]
[Result "1/2-1/2"]
[WhiteTitle "GM"]
[BlackTitle "GM"]
[WhiteElo "2778"]
[BlackElo "2760"]
[WhiteFideId "12573981"]
[BlackFideId "24116068"]
[EventDate "2022.08.15"]

1. e4 e5 2. Nf3 Nc6 3. Bb5 a6 4. Ba4 Nf6 5. O-O Be7 6. d3 b5 7. Bb3 d6 8. c3 O-O
9. h3 Bb7 10. Re1 Na5 11. Bc2 c5 12. Nbd2 Nc6 13. Nf1 Re8 14. Ng3 h6 15. Bd2 Bf8
16. Nh2 d5 17. Ng4 dxe4 18. dxe4 Nxg4 19. hxg4 c4 20. Qe2 Qf6 21. Nf5 Ne7 22.
Be3 g6 23. Ng3 Nc6 24. a4 Nd4 25. cxd4 exd4 26. Bd2 d3 27. Bxd3 cxd3 28. Qxd3
Rad8 29. Qe3 Qxb2 30. Bc3 Qc2 31. Rac1 Qd3 32. Qb6 Rc8 33. Ba1 Rxc1 34. Rxc1 Qa3
35. Rf1 Qe7 36. axb5 axb5 37. Qxb5 Bg7 38. Bxg7 Kxg7 39. Re1 Bc8 40. f3 Qa7+ 41.
Kh2 Qe7 42. Qb2+ Kg8 43. Qf2 Be6 44. e5 Qh4+ 45. Kg1 Qg5 46. f4 Qh4 47. f5 gxf5
48. gxf5 Bd5 49. Qe3 Qg4 50. Rf1 h5 51. Rf2 h4 52. Nf1 h3 53. Qxh3 Qxh3 54. gxh3
Rxe5 55. Kh2 Kg7 56. Ng3 Kf6 57. h4 Re3 58. Kh3 Bf3 59. Ra2 Ke5 60. Ra5+ Kf4 61.
Ra4+ Ke5 62. Kh2 Rd3 63. Ra5+ Kf4 64. Ra4+ Ke5 65. Ra5+ Kf4 66. Ra4+ Ke5 1/2-1/2

[Event "FTX Crypto Cup 2022"]
[Site "Miami USA"]
[Date "2022.08.17"]
[Round "3.7"]
[White "Firouzja, Alireza"]
[Black "Giri, Anish"]
[Result "1-0"]
[WhiteTitle "GM"]
[BlackTitle "GM"]
[WhiteElo "2778"]
[BlackElo "2760"]
[WhiteFideId "12573981"]
[BlackFideId "24116068"]
[EventDate "2022.08.15"]

1. e4 e5 2. Nf3 Nc6 3. Bb5 a6 4. Ba4 Nf6 5. O-O Be7 6. d3 b5 7. Bb3 d6 8. c3 O-O
9. h3 Bb7 10. a4 Na5 11. Ba2 c5 12. Na3 Qd7 13. Bg5 bxa4 14. Nh4 Rab8 15. Nf5
Bd8 16. f4 exf4 17. Rxf4 Nb3 18. Bxb3 axb3 19. Qf3 Ne8 20. Bxd8 Rxd8 21. Qg3 f6
22. Raf1 Bc8 23. Nc4 Qb7 24. Nce3 Be6 25. R4f3 a5 26. Ra1 Qc7 27. d4 cxd4 28.
Nxd4 Bf7 29. Nd5 Bxd5 30. exd5 Qc5 31. Kh2 Qxd5 32. Rf5 Qf7 33. Rfxa5 Rd7 34.
Nf5 Kh8 35. Re1 g6 36. Nd4 Ng7 37. Qf3 d5 38. Ra6 Rb8 39. Rxf6 Qg8 40. Rf1 Rdd8
41. Nc6 Nf5 42. Nxb8 Rxb8 43. g4 Qd8 44. Re6 Ng7 45. Re5 Qd6 46. Qxd5 Qc7 47.
Qc5 Qd8 48. Rd5 Qe8 49. Qf2 Ra8 50. Re1 Qb8+ 51. Rde5 Qg8 52. Qe2 Ra2 53. Re4
Qb8+ 54. Kg2 Qc8 55. Rf1 Kg8 56. Rd4 Qxc3 57. Rd8+ 1-0